00773nam a2200169 a 450000100100000000500170001000800410002702000150006804000250008324501670010826000900027530000280036549000400039383000470043395201060048099900170058600003630320200930075646.0120112s1986 cl a 000 0 spa d a9213212097 aDO-SdBNPbspacBNPHU00aExpansión del cultivo de la caña de azucar y de la ganadería en el nordeste del Brasil :bpolíticas públicas y sus derivaciones económicas y sociales. aSantiago de Chile :bComisión económica para América Latina y el Caribe,c1986. a170 p. :bil. ;c22 cm.1 aEstudios e informes de la CEPALv59 0aEstudios e informes de la CEPALn59962445 0010507-18MOaGRbGRcOId2012-01-12iLF1l0o p36304-10r2020-06-25w2020-06-25y1ZNo se presta c35794d35794